| 000 | 00579nam a22002057a 4500 | ||
|---|---|---|---|
| 003 | OSt | ||
| 005 | 20230928134744.0 | ||
| 008 | 150107b xxu||||| |||| 00| 0 eng d | ||
| 020 | _a1901198162 | ||
| 040 | _cDNLM | ||
| 082 | _aWB18 P881r 2002 | ||
| 100 |
_aDaniels Rob; [et....al] _92300 |
||
| 245 |
_aPractice papers for the MRCGP written Exam: _bpaper 1 |
||
| 260 |
_aManchester: _bPASTEST, _c2002 |
||
| 300 |
_aiv, 332 p : _c28 cm. |
||
| 504 | _aIncludes index, questions and answers. | ||
| 650 |
_aMedicicne MCQS _92301 |
||
| 650 |
_aMCQS Clinicals _99125 |
||
| 942 |
_2z _cSLOAN |
||
| 999 |
_c852 _d852 |
||